000 00599nam a22001697a 4500
999 _c190983
_d190983
005 20220817104541.0
010 _aB-745320
020 _a9789353228675
_c275.00
035 _aB-745320
037 _bPrabhat Exam
245 _aCTET Mathematics & Science:
_bPaper-II (Class VI-VIII) 15 Practice Sets /
260 _aNew Delhi
_bPrabhat Exam
270 _a4/19 Asaf Ali Road New Delhi
_bNew Delhi
_e110002
_k7827007777
_mprabhatbooks@gmail.com
300 _a224p.
_c28cm(pbk)
942 _2ddc
_cEN
_mCTE
_h000